000 00358nam a22001337a 4500
020 _a9781474946575
040 _cNUST
082 _a823-CH
_bPUN
100 _aPunter, Russell
_981936
110 _aSemple, David
_981937
245 _aFlamingo Plays Bingo Usborne Phonics Readers
260 _aLondon:
_bUsborne Publishing Limited,
_c2018
942 _2ddc
_cBK
999 _c586445
_d586445